000 00209nam a22000857a 4500
008 170130b xxu||||| |||| 00| 0 eng d
100 _92673
_aWancho.I.L
245 _aMap History Bok
260 _aNew Delhi
_bGBP
_c2009
999 _c5829
_d5829